[Event "FIDE-Wch k.o."]
[Site "Tripoli"]
[Date "2004.06.20"]
[Round "1.2"]
[White "Simutowe, Amon"]
[Black "Sokolov, Ivan"]
[Result "0-1"]
[WhiteElo "2442"]
[BlackElo "2690"]
[Annotator "Ribli,Z"]
[PlyCount "50"]
[EventDate "2004.06.19"]
[EventType "k.o."]
[EventRounds "7"]
[EventCountry "LBY"]
[SourceTitle "CBM 102"]
[Source "ChessBase"]
[SourceDate "2004.09.23"]
[SourceVersion "1"]
[SourceVersionDate "2004.09.23"]
[SourceQuality "1"]

1. c4 Nf6 2. Nc3 e5 3. Nf3 Nc6 4. d4 {Dieser Zug wird relativ selten gespielt,
die Varianten 4.e3 und 4.a3 sind populärer. Die prinzipielle Fortsetzung ist
der Zug 4.g3.} exd4 5. Nxd4 Bb4 6. Bg5 O-O 7. e3 h6 8. Bh4 Re8 9. Be2 Ne5 {
[%cal Ge5g6,Gg6h4] Der Springerzug ist gegen den h4-Läufer gerichtet - Schwarz
plant 10...Ng6 und dann Bxc3, Ne4.} 10. f3 $6 {Dieser Zug schwächt die weiße
Stellung. Ich glaube, die beste Möglichkeit für Weiß wäre 10.Qb3, aber dieser
Zug bietet auch keinen Eröffnungsvorteil.} (10. Qb3 Ba5 11. O-O Ng6 12. Bxf6
Qxf6 13. Nd5 Qd8 14. Qa3 c6 15. b4 Bc7 {1/2-1/2 Szabo,L-Smyslov,V/Budapest
1950/Candidates (72)}) 10... Ng6 11. Bf2 d5 $15 12. O-O (12. cxd5 $2 Nxd5 $17)
12... c5 13. Nb3 (13. Nc2 Bxc3 14. bxc3 Be6 $15) 13... Bxc3 14. bxc3 b6 {
Schwarz hat eine gesunde Bauernstruktur und ein Übergewicht im Zentrum,
während die weißen Figuren passiv stehen.} 15. Re1 Be6 16. cxd5 Nxd5 17. Qc2 $2
{[%mdl 8192]} (17. Qc1 Qf6 18. c4 Nc3 19. Bf1 Rad8 $15) {[#]} 17... Nxe3 $1 {
[%cal Ge8e3][%mdl 64] Mit dieser kleinen Kombination gewinnt Schwarz einen
Bauern.} 18. Bxe3 Bxb3 19. axb3 Rxe3 $17 {Schwarz hat einen klaren Bauern mehr
und seine Drohung ist 20...Qe7 (oder Qg5) und Nf4, mit Angriff am Königsflügel.
} 20. Bc4 Qg5 21. Rxe3 Qxe3+ 22. Kf1 Ne5 23. Bd5 Re8 24. Re1 $2 (24. Rd1 $17)
24... Ng4 $1 $19 {Dieser schöne Springerzug gewinnt sofort - es droht 25...
Nxh2# und 25...Qxe1#.} 25. Bxf7+ (25. Rxe3 Nxe3+ $19 {[%cal Re3f1,Re3c2]})
25... Kf8 (25... Kxf7 26. Qf5+ Kg8 27. Rxe3 Nxe3+ $19 {[%cal Re3f5,Re3f1]}) 0-1

[Event "FIDE-Wch k.o."]
[Site "Tripoli"]
[Date "2004.06.20"]
[Round "1.2"]
[White "Alekseev, Evgeny V"]
[Black "Adianto, Utut"]
[Result "0-1"]
[WhiteElo "2616"]
[BlackElo "2591"]
[Annotator "Ribli,Z"]
[PlyCount "122"]
[EventDate "2004.06.19"]
[EventType "k.o."]
[EventRounds "7"]
[EventCountry "LBY"]
[SourceTitle "CBM 102"]
[Source "ChessBase"]
[SourceDate "2004.09.23"]
[SourceVersion "1"]
[SourceVersionDate "2004.09.23"]
[SourceQuality "1"]

1. c4 e5 2. d3 Nc6 3. Nf3 Nf6 4. Nc3 Bb4 5. Bd2 O-O 6. e3 d5 {Dieser Zug führt
zu offenem Spiel, aber die sichere Alternative 6...Re8 ist auch gut spielbar
und bietet gleiche Chancen.} (6... Re8 7. Be2 Bxc3 8. Bxc3 d5 9. cxd5 Qxd5 (
9... Nxd5 10. Rc1 Qd6 11. O-O Bg4 12. Qb3 Nb6 13. a3 Rad8 14. Rfd1 {1-0
Bischoff,K-Aronian,L/playchess.com 2004/CBM 99 ext (76)}) 10. O-O Bg4 11. Qc2
Rad8 12. Rfd1 Bh5 13. b4 Qd6 14. b5 Nb4 15. Qb3 Nbd5 16. Bb2 Qb6 {1/2-1/2
Alekseev,E-Delgado,N/Santo Domingo DOM 2003/(40)}) 7. cxd5 Nxd5 8. Be2 Be6 9.
O-O Be7 {Schwarz verliert ein Tempo, aber Weiß muss nun mit Ndb4 rechnen.} 10.
a3 a5 11. Qc2 $11 {Wir haben eine Stellung, die typisch für die Sizilianische
Verteidigung (Scheweninger Variante) ist, aber mit umgekehrten Farben. Trotz
ein paar Tempi plus bleibt es für Weiß eine Verteidigungsstellung.} (11. Rc1 f5
12. e4 Nb6 13. exf5 Bxf5 14. Ne4 Kh8 15. Bc3 Bd6 16. Ng3 Be6 17. Nd2 Nd5 18.
Bf3 {1/2-1/2 Harikrishna,P-Das,A/Calicut IND 2003/(77)}) (11. Nxd5 Bxd5 12. Bc3
$11) 11... Nb6 {[%csl Yb3][%cal Ga5a4] Die schwarze positionelle Drohung ist
12...a4, mit Raumvorteil am Damenflügel.} 12. b3 Qd7 13. Bc1 {[%cal Gc1b2] Ein
bekanntes Motiv von der Scheweninger Variante - Weiß verliert zwei Tempo, aber
verbessert seine Läuferstellung.} f5 14. Bb2 Bf6 15. Nd2 {[%cal Gd2c4,Ge2f3]}
Qf7 16. Bf3 (16. Nc4 $11) (16. Rab1 $11) 16... Nd5 {[%mdl 4] Schwarz
zentralisiert seinen b6-Springer, was eine gute positionelle Idee ist.} 17.
Nxd5 Bxd5 18. Bxd5 (18. e4 fxe4 19. Bxe4 (19. dxe4 Be6 $15) 19... Rad8 $11)
18... Qxd5 19. e4 (19. Rfd1 $11) 19... Qd7 (19... fxe4 20. dxe4 $11) 20. Rad1
Rad8 21. Nf3 Rfe8 (21... f4 22. b4 axb4 23. axb4 $14) 22. b4 {Weiß spielt
aktiv am Damenflügel, aber sein Bauer kann später schwach werden.} (22. exf5
Qxf5 23. Rfe1 $11) 22... axb4 23. axb4 Qf7 (23... Kh8 24. Bc3 $11) 24. b5 (24.
Bc3 $11) 24... Na7 25. Qa4 Nc8 26. exf5 Nd6 $13 {[%cal Gd6b5,Gd6f5] Weiß hat
zeitweilig einen Bauern mehr, aber er hat einige Bauernschwächen in seiner
Stellung.} 27. Nd2 (27. Qg4 Qb3 $13) 27... Nxf5 28. Ne4 Rd5 {[%cal Gf7d7,Gd7b5,
Gd7d3]} 29. Qc4 (29. Rfe1) 29... Nd6 $1 {[%mdl 32] Nach diesem Zug ist der
Springertausch erzwungen und Schwarz bekommt etwas bessere Aussichten.} 30.
Nxd6 cxd6 $15 {[%csl Rb5,Rd3] Das Material ist reduziert, aber wegen der
besseren Bauernstruktur steht Schwarz etwas besser.} 31. Rc1 Rc5 32. Qb4 (32.
Qxf7+ Kxf7 33. Rxc5 dxc5 $15) 32... Rec8 {[%cal Gc8c1]} 33. Rxc5 Rxc5 34. b6 (
34. d4 $2 exd4 35. Bxd4 $4 Rc4 $19) 34... h6 35. Bc1 Rc6 {[%csl Rb6] Jetzt
wird der schwache b6P der Zielpunkt des schwarzen Spiels.} 36. Be3 d5 {[%cal
Gd5d4]} 37. h3 (37. f4 d4 38. Bd2 exf4 39. Rxf4 Qa2 $15 (39... Qe6 $15)) 37...
d4 38. Bd2 Qe6 {[%csl Rb6][%cal Re6b6]} 39. Rb1 Bd8 40. Qa4 Kh7 $1 {Schwarz
muss nicht eilen, zuerst verbessert er seine Königsstellung. Weiß kann den
b6-Bauern nicht verteidigen.} (40... Bxb6 41. Qa8+ Kh7 42. Qxb7 $11) (40...
Rxb6 41. Rxb6 Qxb6 42. Qe8+ Kh7 43. Qxe5 Qb1+ $17 {[%cal Rb1d3,Rb1g1]}) 41. Re1
(41. Ba5 Bxb6 $17) 41... Bxb6 $17 {Schwarz hat einen Bauern mehr und sein
b-Freibauer ist potenziell stark.} 42. Re4 Bc7 43. Qb5 b6 44. Qa4 Qd7 {[%cal
Gd7a4,Rc6c1,Rc1g1] Droht 45...Rc1+ mit Damengewinn.} 45. Kh2 Rd6 46. Qa7 (46.
Qxd7 Rxd7 $17) 46... Rf6 47. Kg1 Qc6 48. Kf1 Qc2 {[%csl Gc2]} 49. Ke2 b5 {
[%csl Re2,Re4][%cal Gb5b4,Gb4b3] Schwarz hat aktive Figuren und sein Spielplan
ist ganz einfach - b4-b3 usw.} 50. Qa3 Bd6 51. Qc1 Qa2 $1 {Schwarz tauscht
nicht seine aktive Dame.} (51... Qxc1 52. Bxc1 b4 $17) 52. Kf1 b4 53. Re2 Qb3 (
53... b3 $6 54. Bg5 Ba3 55. Qc4 Qa1+ 56. Re1 b2 57. Bxf6 b1=Q 58. Rxb1 Qxb1+
59. Ke2 Qb2+ 60. Kf1 gxf6 61. Qf7+ Kh8 62. Qxf6+ Kg8 63. Qg6+ Kf8 64. Qxh6+ Ke7
$17) 54. Qc4 Qxc4 55. dxc4 Rf7 {[%cal Gf7b7]} 56. c5 d3 $19 (56... Bxc5 57.
Rxe5 $17) 57. Re4 Bxc5 58. f3 (58. Rxe5 Bxf2 $19) 58... b3 59. Bc3 Bd4 60. Bxd4
exd4 61. Rxd4 Rb7 0-1

[Event "EU-Cup 09th Group6"]
[Site "Clichy"]
[Date "1993.09.18"]
[Round "2"]
[White "Horvath, Gyula"]
[Black "Sadler, Matthew D"]
[Result "0-1"]
[WhiteElo "2450"]
[BlackElo "2535"]
[Annotator "Ribli,Z"]
[PlyCount "68"]
[EventDate "1993.09.17"]
[EventType "team-k.o."]
[EventRounds "3"]
[EventCountry "FRA"]
[SourceTitle "EXT 2020"]
[Source "ChessBase"]
[SourceDate "2019.10.17"]
[SourceVersion "1"]
[SourceVersionDate "2019.10.17"]
[SourceQuality "1"]
[WhiteTeam "Zalaegerszegi Csuti Antal SK"]
[BlackTeam "Clichy Echecs 92"]
[WhiteTeamCountry "HUN"]
[BlackTeamCountry "FRA"]

1. c4 e5 2. Nc3 Nc6 3. Nf3 Nf6 4. e3 Bb4 5. Qc2 O-O 6. Nd5 Re8 7. Qf5 d6 8.
Nxf6+ gxf6 $5 9. Qh5 d5 10. a3 Bf8 11. Bd3 $6 (11. d4 $5 Be6 12. Bd3 e4 13. Bc2
Ne7 $13 {Goodman,D-Nunn,J/England/INF25,23/}) 11... e4 12. cxd5 (12. Bc2 d4 $36
) 12... exd3 13. dxc6 bxc6 14. b4 (14. O-O Qd5 15. Qh4 $2 Re4 16. Qxf6 (16.
Qg3+ Rg4 17. Qxc7 Qxf3 $19) 16... Bg7 $19) 14... a5 15. Bb2 axb4 16. Qh4 Bf5
17. axb4 (17. Bxf6 Be7 18. Bxe7 Qxe7 19. Qxe7 Rxe7 $17) 17... Rxa1+ 18. Bxa1
Re4 19. Qxf6 Qxf6 20. Bxf6 Bxb4 21. O-O Re6 22. Bb2 c5 23. Ra1 f6 24. Ra8+ Kf7
25. h3 Be4 26. Ra7 Rc6 27. Bc1 Bxf3 28. gxf3 c4 29. Ra4 (29. Ra2 c3 30. dxc3
Rxc3 31. Bd2 Rc2 32. Rxc2 dxc2 33. Bc1 Ke6 34. Kf1 Kd5 35. Ke2 Kc4 $19) 29...
Bxd2 $1 30. Bxd2 c3 31. Bxc3 Rxc3 32. Rd4 c5 33. Rd5 c4 34. Kf1 Rc1+ {(Ribli)}
0-1

[Event "Linares 11th"]
[Site "Linares"]
[Date "1993.??.??"]
[Round "9"]
[White "Ljubojevic, Ljubomir"]
[Black "Karpov, Anatoly"]
[Result "0-1"]
[WhiteElo "2605"]
[BlackElo "2725"]
[Annotator "Ribli,Z"]
[PlyCount "80"]
[EventDate "1993.02.??"]
[EventType "tourn"]
[EventRounds "13"]
[EventCountry "ESP"]
[EventCategory "18"]
[SourceTitle "CBM 034"]
[Source "ChessBase"]
[SourceDate "1993.06.01"]
[SourceVersion "1"]
[SourceVersionDate "1993.06.01"]
[SourceQuality "1"]

1. c4 e5 2. Nc3 Nf6 3. Nf3 Nc6 4. e3 Bb4 5. Qc2 O-O 6. Nd5 Re8 $5 (6... a5 7.
a3 Bc5 8. Be2 h6 9. O-O d6 10. Nc3 Bg4 $13 {Dorfman,I-Hansen,Cu Amsterdam
OHRA-B 1990 CBM/20}) 7. Bd3 (7. Qf5 d6 8. Nxf6+ Qxf6 $6 (8... gxf6 $5 9. Qh5 d5
10. cxd5 Qxd5 11. Be2 Be6 12. O-O e4 13. Qxd5 Bxd5 $10 {Kortscnoj,V-Karpov,An
Amsterdam 1987 43/(23)}) 9. Qxf6 gxf6 10. a3 Bc5 11. b4 Bb6 12. Bb2 a5 13. b5
Ne7 14. Be2 d5 15. d4 e4 16. Nd2 a4 17. Rc1 Ba5 18. Bc3 f5 19. c5 $14 {
Adgestein,S-Timman,J Brussels SWIFT 25' 1992 EXP/29}) 7... g6 8. Nxf6+ Qxf6 9.
a3 Bf8 10. Be4 d6 11. b3 (11. b4 Qd8 $6 (11... Bg7 $5) (11... Nd8 $5) 12. Bb2
Ne7 13. h4 h5 14. Ng5 Bg7 15. Bf3 Nf5 16. g3 c6 17. Qb3 a5 18. O-O a4 19. Qc2
Bh6 20. Ne4 d5 21. cxd5 cxd5 22. Nc5 e4 23. Bg2 $14 {Illescas Cordoba,M-Ye
Rongguang CBM/19}) 11... Nd8 $1 12. Bb2 Qe7 13. Rc1 c6 14. Qb1 Bg7 15. O-O Bd7
16. b4 f5 17. Bc2 Nf7 18. Ne1 c5 $5 19. Bc3 b6 20. Qb2 Ng5 21. f3 (21. f4 exf4
22. Bxg7 Qxg7 23. Qxg7+ Kxg7 24. exf4 Ne6 25. Nf3 Bc6 $17 {/\ Bxf3,Nd4}) 21...
Bc6 22. Bb3 Ne6 23. Nc2 Qh4 24. Ne1 Re7 25. Qc2 Rf8 26. Qd3 Rd8 27. Qc2 Bf6 28.
Rd1 Nd4 $1 29. exd4 exd4 30. Rf2 (30. Bb2 Re2 31. Nd3 Rde8 $17) 30... dxc3 31.
dxc3 Bg5 32. g3 Qh5 33. f4 Rde8 34. Ng2 Re2 35. Rd2 Re1+ 36. Rf1 (36. Nxe1
Rxe1+ 37. Rf1 Qf3 $1 38. Rxe1 Qh1+ 39. Kf2 Qg2+ 40. Ke3 Qf3# $19) 36... Rxf1+
37. Kxf1 Qxh2 38. Rd5 Bxd5 39. cxd5 Qxg3 40. fxg5 Qf3+ 0-1

[Event "Nagykanizsa 1st"]
[Site "Nagykanizsa"]
[Date "2003.11.12"]
[Round "8"]
[White "Varga, Zoltan"]
[Black "Erdos, Viktor"]
[Result "1-0"]
[WhiteElo "2558"]
[BlackElo "2443"]
[Annotator "Ribli,Z"]
[PlyCount "101"]
[EventDate "2003.11.05"]
[EventType "tourn"]
[EventRounds "11"]
[EventCountry "HUN"]
[EventCategory "11"]
[SourceTitle "CBM 099"]
[Source "ChessBase"]
[SourceDate "2004.03.30"]
[SourceVersion "1"]
[SourceVersionDate "2004.03.30"]
[SourceQuality "1"]

1. c4 Nf6 2. Nc3 e5 3. Nf3 Nc6 4. d4 {Dieser Zug wird selten gespielt in der
letzten Zeit, die Alternativen 4.e3, 4.a3 und hauptsächlich 4.g3 sind
populärer.} exd4 5. Nxd4 Bb4 6. Nxc6 {Dieser Zug ist die Lieblingswaffe des
ungarischen Großmeisters. Nach meiner persönlichen Meinung besteht der
Hauptvorteil der ganzen Variante für Weiß darin, dass er die theoretischen
Hauptvarianten vermeidet.} (6. Bg5 h6 7. Bh4 {Diese Zugfolge ist die
eigentliche Hauptvariante in der Linie 4.d4.}) 6... bxc6 (6... Bxc3+ $1 7. bxc3
dxc6 8. Qxd8+ Kxd8 9. Bg5 Ke7 $11 (9... Be6 $11)) 7. Qb3 (7. Qc2) 7... Bc5 {
Dieser Läuferzug gefällt mir nicht, weil Schwarz danach Probleme mit der
Durchführung des Plans d7-d6 und c6-c5 bekommt.} (7... Be7 8. e4 O-O 9. Be2 d6
10. O-O Be6 11. Qa4 c5 12. f4 Rb8 13. Qc2 Re8 14. Bd3 Bf8 15. b3 h6 16. Bb2 c6
17. Rad1 $40 {1-0 Varga,Z-Rogic,D/Pula 2000/EXT 2001 (29)}) (7... Qe7 $5) (7...
a5 $5) 8. Bf4 (8. Qc2 O-O 9. e3 d5 10. Bd2 Ng4 11. h3 Ne5 12. Na4 Bd6 13. c5
Be7 14. Bc3 Bf6 15. Bd4 Rb8 16. O-O-O Qe7 17. b3 Kh8 18. Be2 Rb4 19. Qc3 a5 20.
Rhe1 Bf5 {0-1 Gomez,J-Dezan,P/Montpellier 2001/EXT 2003 (50)}) 8... O-O 9. e3
Nh5 (9... d5 $5) 10. Bg3 Re8 11. Be2 Nxg3 12. hxg3 Bf8 $1 $11 {[%mdl 256]
Schwarz hat das Läuferpaar und hier kann er g7-g6 und Bg7 spielen, wonach sein
dunkelfarbiger Läufer stark wird.} 13. Bf3 {[%csl Gf3][%cal Gf3a8] Der Läufer
steht gut auf f3, wo er die Entwicklung des schwarzen Damenflügels paralysiert.
} Qe7 {[%cal Ge7b4]} 14. a3 {Auf diese Weise verteidigt sich Weiß gegen 14...
Qb4.} g6 15. O-O a5 {[%cal Ga8a6,Ga6b6] Mit dem Textzug gewinnt Schwarz Raum
am Damenflügel und bereitet Ra6-Rb6 vor.} 16. Rfd1 Bg7 {[%csl Gg7][%cal Gg7a1]}
17. Rd2 Ra6 18. Na4 c5 (18... d6 19. Rad1 Bd7 20. Nc5 {[%cal Gd1d7]} Rb6 21.
Qa4 Bf5 22. Nd3 c5 23. Qxa5 Bxd3 24. Rxd3 Rxb2 $11) 19. Qb5 (19. Bb7 Bxb7 (
19... Ra7 20. Bxc8 Rxc8 $11) 20. Qxb7 Rd6 $11) (19. Nc3 Rb6 20. Qc2 Qd8 $11)
19... d6 20. Rad1 Rf8 (20... Ra7) 21. Rd3 Ra7 22. Qb8 Ra6 23. Qb3 Bf5 24. Rd5
Be6 (24... Raa8 25. Rxf5 Rab8 26. Rxf7 $1 Qxf7 (26... Kxf7 27. Bd5+ Kf6 28.
Qc3+ Kg5) 27. Qxb8 Rxb8 28. Bd5) 25. R5d2 Ra7 26. Qc2 Bf5 (26... Rb8) 27. Qb3
Be6 28. Bc6 Bg4 (28... h5 $1 $132 {[%cal Gh5h4]}) 29. Re1 Be6 30. Nc3 Ra6 31.
Nd5 Bxd5 (31... Qd8 32. Qb7 Bc8 33. Qb5 $16) 32. cxd5 Qd8 $6 (32... Rb6 $1 33.
Qa4 (33. Bb5 Rfb8 34. a4 Qe4 $11) 33... Rfb8 34. Qxa5 Bxb2 $11 {Weiß hat einen
starken c6B und potenziell einen gefährlichen a-Freibauern, aber seine Dame
steht wenig glücklich auf a5.}) 33. Qb5 Ra7 (33... Rb6 $1 34. Qxa5 Bxb2 35. Rc2
$11) 34. Qc4 $14 Qf6 35. Qb5 Qd8 36. Ree2 $1 {[%cal Ge2b2][%mdl 32] Weiß
verteidigt vorher den b2-Bauern.} Qe7 37. Rc2 Rd8 38. Rc4 $1 {[%csl Gc4][%cal
Gc4a4,Gc4h4] Der Turm steht aktiv auf der vierte Reihe - Schwarz muss immer
mit Ra4 rechnen.} Qf8 39. Re4 (39. Ra4 $2 Rb8) 39... Rb8 40. Qc4 Bf6 (40...
Bxb2 $4 41. Rxb2 Rxb2 42. Re8 $18) 41. b3 {Der früher schwache b2P geht vor,
so dass Schwarz kein Gegenspiel erhält.} Qg7 42. Ra2 Be5 43. g4 {Weiß
verteidigt sich gegen 43...f5.} h6 (43... f5 44. gxf5 gxf5 45. Rh4 $16) 44. g3
Kh7 45. Kg2 Rg8 46. Qd3 {[%cal Gd3h7]} Kh8 (46... f5 47. Ra4 $1 $16 (47. gxf5
gxf5 48. Ra4 Bxg3 49. Kf1 $14)) 47. Ra4 $16 {[%csl Ra7][%cal Gb3b4,Gb4a5,Ga2a7]
Der a7R steht sehr passiv und Schwarz hat keine Verteidigung gegen 48.b4.} Rb8
48. b4 Bb2 (48... Bc3 $5 49. bxc5 dxc5 50. Rc2 $16) 49. Rxa5 cxb4 50. axb4 Rxa5
51. bxa5 $18 {[%cal Ga5a6,Ga6a7]} 1-0

[Event "EU-ch 2nd"]
[Site "Ohrid"]
[Date "2001.06.01"]
[Round "1"]
[White "Slobodjan, Roman"]
[Black "Georgiev, Kiril"]
[Result "0-1"]
[WhiteElo "2529"]
[BlackElo "2676"]
[Annotator "Ribli,Z"]
[PlyCount "48"]
[EventDate "2001.06.01"]
[EventType "swiss"]
[EventRounds "13"]
[EventCountry "YUG"]
[SourceTitle "CBM 084"]
[Source "ChessBase"]
[SourceDate "2001.09.13"]
[SourceVersion "1"]
[SourceVersionDate "2001.09.13"]
[SourceQuality "1"]

1. c4 Nf6 2. Nc3 e5 3. Nf3 Nc6 4. e3 {Dieser Zug wird seltener gespielt als
die Hauptvariante mit 4.g3.} Bb4 (4... Be7) 5. Qc2 Bxc3 {Mit Hilfe dieses
einfachen Zuges bekommt Schwarz gutes Spiel - nach Rochade und schnellem d7-d5
erreicht er eine bequeme Stellung.} (5... O-O 6. Nd5) 6. Qxc3 Qe7 7. a3 d5 8.
d4 (8. cxd5 Nxd5 9. Qb3 Nb6 {Das wäre die Alternative für Weiß - auch hier hat
Schwarz jedoch vollwertiges Spiel.} 10. d3) 8... exd4 9. Nxd4 {Weiß besitzt
das Läuferpaar, aber seine Dame steht exponiert auf c3. Schwarz hat bequemes
Spiel. Es ist interessant, dass der ukrainische GM Onischuk diese Variante
gerne mit Weiß spielt.} Ne5 $5 {[%mdl 4] Bislang erzielte Schwarz in der
Turnierpraxis gute Ergebnisse mit 9...Nxd4. Der Textzug ist aber auch
interessant und kommt ebenfalls in Betracht.} (9... Nxd4 10. Qxd4 O-O 11. c5 (
11. Be2 c5 12. Qh4 Be6 13. cxd5 Bxd5 14. f3 Qe6 15. O-O Rfd8 16. e4 Nd7 $5 17.
Be3 Bc4 18. Bxc4 Qxc4 19. Rad1 f6 $1 20. Bf4 {1/2-1/2 Onischuk,A-Gurevich,M/
Polanica Zdroj 1999/CBM 73/[Gurevich,M] (20)}) (11. cxd5 Rd8 12. Be2 Rxd5 13.
Qh4 Bf5 14. Bf3 Be4 15. Bxe4 Qxe4 16. Qxe4 Nxe4 17. f3 Rad8 18. Ke2 Nd2 19. e4
Rd4 20. b4 Nc4 {0-1 Hansen,T-Brynell,S/Gausdal NOR 2001/(78)}) 11... b6 $5 (
11... Ne4 12. b4 Qh4 13. Ra2 Qg5 14. f3 Nf6 15. Rf2 c6 16. Bd3 Re8 17. O-O Qe5
18. Qh4 Be6 19. Bb2 Qxe3 20. Rd1 h6 21. Bxf6 gxf6 22. f4 Kg7 {0-1 Belozerov,
A-Rublevsky,S/Smolensk 2000/CBM 77 (38)}) 12. b4 bxc5 13. bxc5 Qe6 14. Bd3 Ba6
$1 15. Bc2 Qc6 (15... Ng4 16. f3 (16. Bb2 f6) 16... Ne5 $15 {0-1 Belozerov,
A-Kortschnoj,V/Smolensk 2000/CBM 77/[Ribli] (76)}) 16. Bb2 Rab8 17. Bc3 Rfe8 (
17... Qb5 18. O-O-O $13) 18. g4 $13 Rb5 {1/2-1/2 Onischuk,A-Shirov,A/New Delhi/
Theran 2000/CBM 81/[Ribli] (54)} (18... Qb5 19. O-O-O $13)) 10. cxd5 (10. b4
Ne4 11. Qc2 Ng4 $36 (11... Nxc4 12. Bxc4 dxc4 13. Qxc4 O-O $11)) 10... Nxd5 11.
Qc2 (11. Qb3 Nb6 $11 (11... c6 12. Be2 $11)) 11... O-O $11 {Schwarz hat
Entwicklungsvorsprung und eine bequeme Stellung. Dafür verfügt Weiß über das
Läuferpaar, und das kann später von Bedeutung sein.} 12. Be2 c5 13. Nf3 $6 (13.
Nf5 $5 Bxf5 14. Qxf5 $11) 13... Bg4 $15 14. h3 Bxf3 15. gxf3 Rfe8 16. Kf1 (16.
O-O $5 {Dieser Zug scheint nicht logisch, aber Schwarz kann ihn nicht direkt
widerlegen.} Qh4 (16... Ng6 17. Qf5) 17. f4 (17. Kh2 Re6 {[%cal Re6h6,Rh6h2]})
(17. Kg2 Re6 {[%cal Re6g6,Rg6g2]}) (17. Rd1 Re6) 17... Qxh3 18. fxe5 Rxe5 19.
e4 (19. f4 $2 Qg3+ 20. Kh1 Re6 $19) 19... Rd8 $1 {[%cal Rd8d6,Rd6g6]} 20. Qd3 (
20. exd5 Rdxd5 $19) (20. Re1 Rd6 21. exd5 Rg6+ 22. Qxg6 hxg6 23. Be3 $2 Re4 $19
) 20... Qh4 21. exd5 Rdxd5 22. Qg3 Qxg3+ (22... Rg5 23. Bxg5 Rxg5 24. Kg2 Rxg3+
25. fxg3 $16) 23. fxg3 Rxe2 $15) 16... Rac8 17. Bd2 c4 {[%csl Yd3] Schwarz übr
spürbar positionellen Druck aus. Der weiße König steht unsicher auf f1.} 18.
Rg1 Nd3 $5 19. Rd1 $2 {Die Partiefortsetzung ist offenkundig nicht die beste
Wahl. Weiß hätte das Bauernopfer annehmen sollen.} (19. Bxd3 cxd3 20. Qxd3 Red8
$44) 19... Qh4 $17 {Das Auftauchen der Dame auf h4 ist sehr gefährlich für
Weiß - es droht Matt auf f2, zudem hängt der Ph3.} 20. Rg3 {[#]} Rxe3 $1 {
[%mdl 2048]} 21. b3 (21. Bc3 g6 22. Bxd3 cxd3 23. Qb3 Rd8 $17 (23... Nxc3 24.
bxc3 Rd8 $17)) 21... Nxf2 $1 $19 {Der Textzug entscheidet die Partie - die
Drohungen gegen den weißen König sind tödlich.} 22. Be1 (22. Kxf2 Rxe2+ 23.
Kxe2 Qxg3 $19) 22... Qxg3 23. Rxd5 Qxh3+ 24. Kxf2 Rce8 (24... Rce8 25. Kg1 h6
$19 (25... Rxe2 $2 26. Qxe2)) 0-1

[Event "Rostov on Don"]
[Site "Rostov on Don"]
[Date "1993.??.??"]
[Round "?"]
[White "Vaganian, Rafael A"]
[Black "Tukmakov, Vladimir B"]
[Result "1/2-1/2"]
[WhiteElo "2615"]
[BlackElo "2605"]
[Annotator "Ribli,Z"]
[PlyCount "48"]
[EventDate "1993.05.??"]
[EventType "tourn"]
[EventRounds "11"]
[EventCountry "RUS"]
[EventCategory "14"]
[SourceTitle "CBM 036"]
[Source "ChessBase"]
[SourceDate "1993.10.01"]
[SourceVersion "1"]
[SourceVersionDate "1993.10.01"]
[SourceQuality "1"]

1. c4 e5 2. Nc3 Nf6 3. Nf3 Nc6 4. d4 exd4 5. Nxd4 Bb4 6. Bg5 h6 7. Bh4 Bxc3+ 8.
bxc3 Ne5 9. f4 Ng6 $1 (9... Nxc4 $2 10. e4 $16 {Vakhidov,T-Ajapbergenov,A/
Bishkek zt/1993/CBM35/}) 10. Bxf6 Qxf6 11. g3 Nf8 $1 (11... O-O 12. Bg2 c5 13.
Nb5 a6 (13... d5 14. O-O dxc4 15. Qd6 $1 $44 {Hausner,I-Kaiszauri,K/Rilton-Cup/
1988/CBM11/}) 14. Nd6 Qxc3+ 15. Kf2 Rb8 16. a4 $44 {Adamski-Uhlmann/1974/17,51/
}) 12. Bg2 Ne6 13. O-O O-O 14. Qd2 d6 15. Nb3 (15. Rab1 Nc5 $10) 15... Rb8 16.
f5 Ng5 17. Qd4 Qxd4+ (17... b6 $2 18. Qxf6 gxf6 19. h4 Nh7 20. Nd4 $16) 18.
cxd4 Re8 19. Rae1 b6 20. Bc6 (20. e4 Ba6 21. Nd2 c5 22. d5 b5 $13) 20... Bb7 $1
21. Bxb7 (21. Bxe8 $4 Nh3# $19) 21... Rxb7 22. d5 Ne4 23. Rc1 Rbb8 24. Rc2 Nf6
1/2-1/2